LIBRARY & INFORMATION CENTRE, KCAET, TAVANUR

ONLINE PUBLIC ACCESS CATALOGUE (OPAC)

Surveying and levelling / (Record no. 13118)

MARC details
000 -LEADER
fixed length control field 00347cam a2200145ua 4500
003 - CONTROL NUMBER IDENTIFIER
control field OSt
008 - FIXED-LENGTH DATA ELEMENTS--GENERAL INFORMATION
fixed length control field 250505b |||||||| |||| 00| 0 eng d
041 ## - LANGUAGE CODE
Language code of text/sound track or separate title eng
082 ## - DEWEY DECIMAL CLASSIFICATION NUMBER
Classification number 624.1517
Item number SUB/SU
100 ## - MAIN ENTRY--AUTHOR NAME
Personal name Subramaniyan, R .
245 ## - TITLE STATEMENT
Title Surveying and levelling /
260 ## - PUBLICATION, DISTRIBUTION, ETC. (IMPRINT)
Place of publication New Delhi :
Name of publisher Oxford ,
Year of publication 2007.
300 ## - PHYSICAL DESCRIPTION
Number of Pages ; .
942 ## - ADDED ENTRY ELEMENTS (KOHA)
Koha item type Books
Holdings
Withdrawn status Lost status Damaged status Home library Current library Date acquired Full call number Accession Number Koha item type
      KAUAET KAUAET 07/04/2012 624.1517 SUB/SU 21382 Books
      KAUAET KAUAET 07/04/2012 624.1517 SUB/SU 21793 Books
      KAUAET KAUAET 07/04/2012 624.1517 SUB/SU 22041 Books
      KAUAET KAUAET 07/04/2012 624.1517 SUB/SU 21380 Books
      KAUAET KAUAET 07/04/2012 624.1517 SUB/SU 21381 Books
free website counter